Las mujeres políticas españolas (Record no. 13653)

MARC details
000 -LEADER
campo de control de longitud fija 00807nam a2200253 i 4500
001 - NÚMERO DE CONTROL
campo de control 13653
003 - IDENTIFICADOR DE NÚMERO DE CONTROL
campo de control ES-MaACL
005 - FECHA Y HORA DE LA ÚLTIMA TRANSACCIÓN
campo de control 20240603180911.0
007 - CAMPO FIJO DE DESCRIPCIÓN FÍSICA--INFORMACIÓN GENERAL
campo de control de longitud fija t|
008 - DATOS DE LONGITUD FIJA--INFORMACIÓN GENERAL
campo de control de longitud fija 921124s1991 sp ||||0| spa d
016 7# - NÚMERO DE CONTROL DE UNA AGENCIA BIBLIOGRÁFICA NACIONAL
Número de control cancelado/no válido CEN920140932
020 ## - NÚMERO INTERNACIONAL ESTÁNDAR DEL LIBRO
Número Internacional Estándar del Libro 84-451-0419-5
040 ## - FUENTE DE CATALOGACIÓN
Centro catalogador/agencia de origen CEN
Lengua de catalogación spa
Centro/agencia transcriptor CEN
080 ## - NÚMERO DE LA CLASIFICACIÓN DECIMAL UNIVERSAL
Número de la Clasificación Decimal Universal 396.9(460)"19"
100 1# - ENTRADA PRINCIPAL--NOMBRE DE PERSONA
Nombre de persona García de León, María Antonia
9 (RLIN) 54461
245 14 - MENCIÓN DEL TÍTULO
Título Las mujeres políticas españolas
Resto del título : (un ensayo sociológico) /
Mención de responsabilidad, etc. María Antonia García de León.
260 ## - PUBLICACIÓN, DISTRIBUCIÓN, ETC.
Lugar de publicación, distribución, etc. Madrid :
Nombre del editor, distribuidor, etc. Dirección General de la Mujer,
Fecha de publicación, distribución, etc. D.L. 1991.
300 ## - DESCRIPCIÓN FÍSICA
Extensión 64 p. ;
Dimensiones 24 cm.
490 1# - MENCIÓN DE SERIE
Mención de serie Documentos ;
Designación de volumen o secuencia 4
650 #4 - PUNTO DE ACCESO ADICIONAL DE MATERIA--TÉRMINO DE MATERIA
Término de materia o nombre geográfico como elemento de entrada Mujeres en la política-
Subdivisión geográfica España
9 (RLIN) 15336
830 0# - PUNTO DE ACCESO ADICIONAL DE SERIE-TÍTULO UNIFORME
Título uniforme Documentos ;
Designación de volumen o secuencia 4
9 (RLIN) 177791
852 ## - LOCALIZACIÓN
Ubicación ES-MaACL
Número de control de estantería L-21037
Sublocalización o colección R.120637
Holdings
Estatus retirado Estado de pérdida Estado de daño No para préstamo Biblioteca de origen Biblioteca actual Ubicación en estantería Fecha de adquisición Fuente de adquisición Total de préstamos Signatura topográfica completa Código de barras Visto por última vez Precio de reemplazo Tipo de ítem Koha
        Biblioteca del Ateneo de Madrid Biblioteca del Ateneo de Madrid Depósito 2 17/01/2008     L-21037 1013897 23/02/2023 23/02/2023 Libro impreso